| 000 | 00564cam a2200229 4500 | ||
|---|---|---|---|
| 001 | B2688 | ||
| 008 | 090401t1989 xxu||||| |||| 00| 0 eng d | ||
| 035 | _a(Sirsi) u51476 | ||
| 041 | _aeng | ||
| 050 | _a333.33709416 | ||
| 110 |
_aOsborne King and Megran _92377 |
||
| 245 | _aProperty review `88/`89 | ||
| 260 |
_aBelfast _bOsborne King and Megran _c1989 |
||
| 300 | _a(14)p. : ill. ; 30cm. | ||
| 350 | _a15 | ||
| 650 | _aINDUSTRIAL PROPERTY | ||
| 650 | _aNORTHERN IRELAND | ||
| 650 | _aOFFICES | ||
| 650 | _aSHOPS | ||
| 942 | _n0 | ||
| 948 | _c04/03/1997 | ||
| 999 |
_c92905 _d92905 |
||